MyGZULibrary

Drunk tank pink : (Record no. 232)

MARC details
000 -LEADER
fixed length control field 01310cam a2200337 i 4500
001 - CONTROL NUMBER
control field 17545346
003 - CONTROL NUMBER IDENTIFIER
control field GZU
005 - DATE AND TIME OF LATEST TRANSACTION
control field 20210504090133.0
008 - FIXED-LENGTH DATA ELEMENTS--GENERAL INFORMATION
fixed length control field 121130s2013 nyuab b 001 0 eng
010 ## - LIBRARY OF CONGRESS CONTROL NUMBER
LC control number 2012046810
020 ## - INTERNATIONAL STANDARD BOOK NUMBER
International Standard Book Number 9781780745831
020 ## - INTERNATIONAL STANDARD BOOK NUMBER
Canceled/invalid ISBN 9781101605783 (ebook)
040 ## - CATALOGING SOURCE
Original cataloging agency DLC
Language of cataloging eng
Transcribing agency DLC
Description conventions rda
042 ## - AUTHENTICATION CODE
Authentication code pcc
050 00 - LIBRARY OF CONGRESS CALL NUMBER
Classification number BF636
Item number .A48 2013
082 00 - DEWEY DECIMAL CLASSIFICATION NUMBER
Classification number 155.9
Edition number 23
100 1# - MAIN ENTRY--PERSONAL NAME
Personal name Alter, Adam L.,
Dates associated with a name 1980-
245 10 - TITLE STATEMENT
Title Drunk tank pink :
Remainder of title the subconscious forces that shape how we think, feel, and behave /
Statement of responsibility, etc. Adam Alter.
264 #1 - PRODUCTION, PUBLICATION, DISTRIBUTION, MANUFACTURE, AND COPYRIGHT NOTICE
Place of production, publication, distribution, manufacture London :
Name of producer, publisher, distributor, manufacturer One World,
Date of production, publication, distribution, manufacture, or copyright notice 2013
300 ## - PHYSICAL DESCRIPTION
Extent 261 pages :
Other physical details illustrations, map ;
Dimensions 24 cm
336 ## - CONTENT TYPE
Content type term text
Source rdacontent
337 ## - MEDIA TYPE
Media type term unmediated
Source rdamedia
338 ## - CARRIER TYPE
Carrier type term volume
Source rdacarrier
504 ## - BIBLIOGRAPHY, ETC. NOTE
Bibliography, etc. note Includes bibliographical references (pages [229]-249) and index.
505 0# - FORMATTED CONTENTS NOTE
Formatted contents note Names -- Labels -- Symbols -- The mere presence of other people -- The characteristics of other people -- Culture -- Colors -- Locations -- Weather and warmth.
650 #0 - SUBJECT ADDED ENTRY--TOPICAL TERM
Topical term or geographic name entry element Psychology, Applied.
650 #0 - SUBJECT ADDED ENTRY--TOPICAL TERM
Topical term or geographic name entry element Environmental psychology.
906 ## - LOCAL DATA ELEMENT F, LDF (RLIN)
a 7
b cbc
c orignew
d 1
e ecip
f 20
g y-gencatlg
942 ## - ADDED ENTRY ELEMENTS (KOHA)
Source of classification or shelving scheme Library of Congress Classification
Koha item type Books
Classification part 636
Item part ALT
Call number prefix BF
Call number suffix 2013
Holdings
Withdrawn status Lost status Damaged status Not for loan Collection code Home library Current library Shelving location Date acquired Total Checkouts Full call number Barcode Date last seen Copy number Price effective from Koha item type
        Non-fiction City Campus Library City Campus Library General Stacks 07/15/2020   BF636 ALT 2013 028241 07/15/2020 c.1 07/15/2020 Books
        Non-fiction Mashava Campus Library Mashava Campus Library General Stacks 05/04/2021   BF 636 ALT 2013 028240 05/04/2021 c.2 05/04/2021 Books